Strategic financial management : (Record no. 78687)

MARC details
000 -LEADER
fixed length control field 00621nam a22001937a 4500
005 - DATE AND TIME OF LATEST TRANSACTION
control field 20130903144640.0
010 ## - LCCN (DPL NO)
LC control number ENG-108327
020 ## - INTERNATIONAL STANDARD BOOK NUMBER
Terms of availability 298.00
International Standard Book Number 9789350972410
035 ## - SYSTEM CONTROL NUMBER
System control number EN-91860
037 ## - SOURCE OF ACQUISITION
Source of stock number/acquisition DBAD/PUB
082 ## - DEWEY DECIMAL CLASSIFICATION NUMBER
Classification number 658.15
100 ## - MAIN ENTRY--PERSONAL NAME
Personal name Satya Sekhar, G.V.
245 ## - TITLE STATEMENT
Title Strategic financial management :
Statement of responsibility, etc by G.V. Satya Sekhar
Remainder of title strategic investment and decision making /
260 ## - PUBLICATION, DISTRIBUTION, ETC. (IMPRINT)
Place of publication, distribution, etc Mumbai
Name of publisher, distributor, etc Himalaya Publishing House
Date of publication, distribution, etc 2013
270 ## - ADDRESS
Address Girgaon
City Mumbai
Postal code 400004
300 ## - PHYSICAL DESCRIPTION
Extent 371p. :
Dimensions 26cm(pbk)
Other physical details ill.
500 ## - GENERAL NOTE
General note Includes bibliographical references
942 ## - ADDED ENTRY ELEMENTS (KOHA)
Source of classification or shelving scheme Dewey Decimal Classification
Item type English Books
Call number suffix SAT
Classification part 658.15
Holdings
Withdrawn status Lost status Not for loan Collection code Home library Current library Date acquired Source of acquisition Cost, normal purchase price Full call number Barcode Copy number Cost, replacement price Koha item type
    Not For Loan Non-fiction D.B.Act.Division D.B.Act.Division 22/08/2013 DBAD / PUB 298.00 658.15 SAT EN-91860 1 298.00 English Books

© Delhi Public Library
Hit Counter
free hit counter